| 000 | 00474nam a2200181Ia 4500 | ||
|---|---|---|---|
| 001 | 4576 | ||
| 005 | 20260306145806.0 | ||
| 008 | 260306t2005||||xx |||||||||||||| ||spa|| | ||
| 041 | _aESP | ||
| 082 |
_a325.2 _bB45 |
||
| 100 |
_aBerg, Ulla D., _eAUT |
||
| 245 | 0 | _aEl quinto suyo, transnacionalidad y formaciones diaspóricas en la migración peruana | |
| 260 | _c2005 | ||
| 300 |
_a317 páginas : _c21 cm. |
||
| 650 | _aGEN | ||
| 654 | _aCHU | ||
| 942 |
_cLIB _dJUS _fJUS _2ddc _n |
||
| 999 |
_c4576 _d4576 |
||